Snatak moholar Socrates, Plato, Aristotleor rajnoitik darshan aru rajniti bigyanor tattwa (Record no. 775)

MARC details
000 -LEADER
fixed length control field 00604cam a2200205ua 4500
008 - FIXED-LENGTH DATA ELEMENTS--GENERAL INFORMATION
fixed length control field 110421n ii |||gr||||Z||||||asm
040 ## - CATALOGING SOURCE
Transcribing agency MAIN
082 ## - DEWEY DECIMAL CLASSIFICATION NUMBER
Classification number 320.5
245 ## - TITLE STATEMENT
Title Snatak moholar Socrates, Plato, Aristotleor rajnoitik darshan aru rajniti bigyanor tattwa
Statement of responsibility, etc. by Mrigendra Narayan Das
250 ## - EDITION STATEMENT
Edition statement 2nd.
260 ## - PUBLICATION, DISTRIBUTION, ETC.
Place of publication, distribution, etc. Dibrugarh:
Name of publisher, distributor, etc. Students emporium,995.
300 ## - PHYSICAL DESCRIPTION
Extent 328p.:5cm.
700 ## - ADDED ENTRY--PERSONAL NAME
Personal name Das, Mrigendra Narayan,
Relator term
700 ## - ADDED ENTRY--PERSONAL NAME
Personal name Bhagabati, Dhiren,
Relator term
942 ## - ADDED ENTRY ELEMENTS (KOHA)
Koha item type Books
653 ## - INDEX TERM--UNCONTROLLED
Uncontrolled term Political science
653 ## - INDEX TERM--UNCONTROLLED
Uncontrolled term Political theory
653 ## - INDEX TERM--UNCONTROLLED
Uncontrolled term Rajnoitik tattwa
Holdings
Withdrawn status Lost status Damaged status Not for loan Home library Current library Shelving location Date acquired Total Checkouts Full call number Barcode Date last seen Copy number Price effective from Koha item type
        Central Library, Naharkatiya College Central Library, Naharkatiya College   19/09/2020   320.5 | DAS 926 19/09/2020 1 19/09/2020 Books
        Central Library, Naharkatiya College Central Library, Naharkatiya College   19/09/2020   320.5 | DAS 928 19/09/2020 2 19/09/2020 Books

Naharkatiya College © 2020. All rights reserved.

Powered By